000 00565nam a2200193Ia 4500
005 20260120124617.0
008 008 260114s9999 xx 000 0 eng d
020 _a9780444529749
037 _aEBOOK
040 _aCRL
_beng
_cCRL
041 _aeng
_2eng
084 _qCRL
245 0 _aFighting Corruption in the Public Sector
260 _bEmerald Publishing
_c2007
700 _aJorge Martinez-Vazquez
_9908368
856 _uhttps://www.emerald.com/insight/publication/doi/10.1108/S0573-8555(2007)284
942 _cEBOOK
999 _c1500260
_d1500260